Cliquez sur les régions de France sur une carte - Statistiques

Statistiques générales
  • Ce quiz a été pris 307 fois
  • Le résultat moyen est 12 sur 13
Réponses sur la Carte
Les réponses sont colorées sur une échelle allant du rouge au vert en fonction du pourcentage des utilisateurs qui les ont devinées à leur premier essai. Vous pouvez retrouver ces pourcentages ci-dessous.
 
Statistiques - réponses
Réponse % Correct
Bretagne
94%
Hauts-de-France
94%
Centre-Val de Loire
93%
Île-de-France
93%
Corse
92%
Grand Est
92%
Normandie
91%
Auvergne-Rhône-Alpes
90%
Nouvelle-Aquitaine
89%
Bourgogne-Franche-Comté
88%
Provence-Alpes-Côte d'Azur
87%
Occitanie
85%
Pays de la Loire
82%
Aucun quiz correspondant
Distribution des résultats
% des personnes avec chaque résultat
Percentile par nombre de réponses
Votre historique - résultats
Vous n’avez pas pris ce quiz